Partial Differential Equations

Saved in:
Bibliographic Details
Main Author: Evans, Lawrence C. (Author)
Format: Book
Language:English
Published: American Mathematical Society, 2010
Edition:2. vyd.
Subjects:
Tags: Add Tag
No Tags, Be the first to tag this record!

MARC

LEADER 00000nam a22000003a 4500
001 stu282308
005 20150617230303.1
008 140120s--------xxu-----------------eng-d
020 |a 978-0-8218-4974-3 
040 |a STU  |b slo 
041 0 |a eng 
044 |a xxu 
080 |a 515.'353  |7 stu_us_auth*stu4339 
100 1 |a Evans, Lawrence C.  |4 aut 
245 1 |a Partial Differential Equations 
250 |a 2. vyd. 
260 |b American Mathematical Society,  |c 2010 
300 |a 749 s 
650 7 |a matematika  |2 stusub 
996 |b 284J041783  |c J*116556  |l JJK18  |s P  |a 0  |w stu282308_0001